000 00283nam a22001217a 4500
008 171122b xxu||||| |||| 00| 0 eng d
041 _aeng
080 _23 ED
_a51
100 _a38
101 _aMAT
245 _aBEGINING AND INTERMEDIATE ALGEBRA
_cSMITH.SH.M
942 _2udc
_cBK
999 _c38288
_d38288